Le Musée Égyptien /

Saved in:

Corporate Author: Egypt. Service des antiquités.

Other Authors: Drioton, Étienne, 1889-1961.

Format: Book

Language: French

Published: [Le Caire] : Ministère de l'Instruction Publique, Service des Antiquités de l'Égypte, 1939.

Subjects:

Tags: Add Tag

No Tags, Be the first to tag this record!

Call Number: DT59 .C24 1939

LEADER 00710nam a22002411 4500
001 1014
003 OSt
005 20260510140656.0
008 130303s1939 ua 000 0 fre d
035 |a tmp00540290 
040 |c ARCE Library 
043 |a f-ua--- 
050 4 |a DT59 .C24 1939 
110 1 |a Egypt.  |b Service des antiquités. 
245 1 3 |a Le Musée Égyptien /  |c par Étienne Drioton. 
264 1 |a [Le Caire] :   |b Ministère de l'Instruction Publique, Service des Antiquités de l'Égypte,   |c 1939. 
300 |a 14 pages ;  |c 24 cm. 
610 2 0 |a Matḥaf al-Miṣrī. 
651 0 |a Egypt  |x Antiquities. 
700 1 |a Drioton, Étienne,  |d 1889-1961. 
901 |a reviewed 
942 |c BK  |2 lcc 
999 |c 7033  |d 7033